000
00344 a2200121 4500
001
ART_27810
005
20260410161949.0
008
260409a
245
1
0
_a
Las brujas de Salem
100
1
_a
Lucchesi de Ramacciotti, Edda
700
1
_a
Sloer de Godfrid, Fanny
773
0
_t
Invenio
_g
- Año 2, Nº 3 (jun. 1999)
_w
REV27781
999
_c
30243
_d
30243